000 00191nam a2200085 4500
001 1255673
005 20251211112049.0
245 _aSİSLERİN ARASINDA
_cCANER ALMAZ
260 _bTİMAŞ YAYINLARI
999 _c1255673
_d1255673